| 000 | 00546nam a2200193 a 4500 | ||
|---|---|---|---|
| 001 | BRCA_1922 | ||
| 005 | 20190320203614.0 | ||
| 008 | 000000s2000 sp-#---###---#000-0#spa-d | ||
| 020 | _a9706513183 | ||
| 020 | _a844941511X | ||
| 050 | 4 |
_aPC4625 _b.D53 2000 |
|
| 245 | 1 | 0 | _aDiccionario de la lengua española y de nombres propios. |
| 260 |
_aBarcelona _bOceano Grupo Editorial _c2000 |
||
| 300 |
_a933 p. _c15 cm. |
||
| 440 | 0 |
_aNuevo Equipo Didáctico Oceano _95925 |
|
| 650 | 1 | 4 |
_aEspañol _vDiccionarios _95926 |
| 902 | _aREF | ||
| 942 |
_2lcc _cB |
||
| 999 |
_c1694 _d1694 |
||